000 00574nam a22001937a 4500
999 _c17046
_d17046
003 AR-CdUCM
008 190507b ||||| |||| 00| 0 spa d
040 _aMUNICIPALIDAD PROVINCIAL DEL CUSCO
_cBIBLIOTECA MUNICIPAL DEL CUSCO
082 _a868.6 /
_bA31
100 _aAgusti, Igancio
_936865
245 _aMariona Rebull :
_bLa ceniza fue árbol /
260 _aBarcelona :
_bMateu,
_c1962.
300 _a303 paginas ;
_c18 cm.
505 _aContenido :Novela /
650 _aLiteratura
_983
650 _aNovela
_95
942 _2ddc
_cLIBROS
945 _arjall
_d2019-05-07